000 00542nam a2200229Ia 4500
003 OSt
005 20221005124335.0
006 a|||||r|||| 00| 0
007 ta
008 221004b |||||||| |||| 00| 0 eng d
024 _a58682
037 _cTextual
040 _aCRL
_cCRL
_beng
041 _2eng
_aeng
082 _aU8:2:M, F0
100 _aTwain Mark
245 0 _aMore tramps abroad
_b India
260 _c1920
650 _aGEOGRAPHY
942 _hU8:2:M, F0
_cTEXL
_2cc
999 _c1050173
_d1050173